000
00257nam a2200109Ia 4500
005
20251222154329.0
008
251222s9999||||xx |||||||||||||| ||spa||
082
_a
869.813/O52/1969
100
_a
"Onetti, Juan Carlos"
245
0
_a
El astillero
942
_c
LIB
999
_c
34081
_d
34081